书目信息 |
| 题名: |
建设工程三体系审核实用手册
|
|
| 作者: | 王明生 著 | |
| 分册: | ||
| 出版信息: | 北京 中国计划出版社 2007.07 |
|
| 页数: | 99页 | |
| 开本: | 23cm | |
| 丛书名: | ||
| 单 册: | ||
| 中图分类: | TU712-62 | |
| 科图分类: | ||
| 主题词: | 建筑工程--jian zhu gong cheng--监督管理--手册 | |
| 电子资源: | ||
| ISBN: | 978-7-80177-774-4 | |
| 000 | 00793nam0 2200217 450 | |
| 001 | 012007015718 | |
| 005 | 20070921101119.20 | |
| 010 | @a978-7-80177-774-4@dCNY14.00 | |
| 100 | @a20070818d2007 km y0chiy0120 ea | |
| 101 | 0 | @achi |
| 102 | @aCN@b110000 | |
| 105 | @ak z 000yy | |
| 200 | 1 | @a建设工程三体系审核实用手册@Ajian she gong cheng san ti xi shen he shi yong shou ce@f王明生著@Fwang ming sheng zhu |
| 210 | @a北京@c中国计划出版社@d2007.07 | |
| 215 | @a99页@d23cm | |
| 330 | @a本书共分19部分,主要介绍了工程部审核要点、质量部审核要点、技术部审核要点、物资设备部审核要点、办公室审核要点、工会审核要点。 | |
| 606 | 0 | @a建筑工程@Ajian zhu gong cheng@x监督管理@j手册 |
| 690 | @aTU712-62@v4 | |
| 701 | 0 | @a王明生@Awang ming sheng@4著 |
| 801 | 0 | @aCN@c20070921 |
| 905 | @dTU712-62@eW286 | |
| 建设工程三体系审核实用手册/王明生著.-北京:中国计划出版社,2007.07 |
| 99页;23cm |
| ISBN 978-7-80177-774-4:CNY14.00 |
| 本书共分19部分,主要介绍了工程部审核要点、质量部审核要点、技术部审核要点、物资设备部审核要点、办公室审核要点、工会审核要点。 |
| ● |
| 相关链接 |
|
|
|
正题名:建设工程三体系审核实用手册
索取号:TU712-62/W286
 
预约/预借
| 序号 | 登录号 | 条形码 | 馆藏地/架位号 | 状态 | 备注 |
| 1 | 260587 | 202605877 | 建筑库201/201建筑库 22排4列3层/ [索取号:TU712-62/W286] | 在馆 | |
| 2 | 260588 | 202605886 | 建筑库201/201建筑库 22排4列3层/ [索取号:TU712-62/W286] | 在馆 | |
| 3 | 260589 | 202605895 | 建筑库201/201建筑库 22排4列3层/ [索取号:TU712-62/W286] | 在馆 |